|
|
|
|
| LEADER |
00000cam a22000004a 4500 |
| 001 |
musev2_28150 |
| 003 |
MdBmJHUP |
| 005 |
20230905042959.0 |
| 006 |
m o d |
| 007 |
cr||||||||nn|n |
| 008 |
130326s2013 pau o 00 0 eng d |
| 020 |
|
|
|a 9780820705927
|
| 020 |
|
|
|z 9780820704630
|
| 035 |
|
|
|a (OCoLC)872655280
|
| 040 |
|
|
|a MdBmJHUP
|c MdBmJHUP
|
| 100 |
1 |
|
|a Lin, Yael,
|e autor.
|
| 245 |
1 |
4 |
|a The Intersubjectivity of Time :
|b Levinas and Infinite Responsibility /
|c Yael Lin.
|
| 264 |
|
1 |
|a Pittsburgh, Pennsylvania :
|b Duquesne University Press,
|c [2013]
|
| 264 |
|
3 |
|a Baltimore, Md. :
|b Project MUSE,
|c 2014
|
| 264 |
|
4 |
|c ©[2013]
|
| 300 |
|
|
|a 1 online resource.
|
| 336 |
|
|
|a text
|b txt
|2 rdacontent
|
| 337 |
|
|
|a computer
|b c
|2 rdamedia
|
| 338 |
|
|
|a online resource
|b cr
|2 rdacarrier
|
| 588 |
|
|
|a Description based on print version record.
|
| 600 |
1 |
7 |
|a Levinas, Emmanuel.
|2 fast
|0 (OCoLC)fst00046641
|
| 600 |
1 |
0 |
|a Levinas, Emmanuel.
|
| 650 |
|
7 |
|a Time.
|2 fast
|0 (OCoLC)fst01151043
|
| 650 |
|
7 |
|a Intersubjectivity.
|2 fast
|0 (OCoLC)fst00977556
|
| 650 |
|
7 |
|a time.
|2 aat
|
| 650 |
|
6 |
|a Temps.
|
| 650 |
|
6 |
|a Intersubjectivite.
|
| 650 |
|
2 |
|a Time
|
| 650 |
|
0 |
|a Time.
|
| 650 |
|
0 |
|a Intersubjectivity.
|
| 655 |
|
7 |
|a Electronic books.
|2 local
|
| 710 |
2 |
|
|a Project Muse.
|e distributor
|
| 830 |
|
0 |
|a Book collections on Project MUSE.
|
| 856 |
4 |
0 |
|z Texto completo
|u https://projectmuse.uam.elogim.com/book/28150/
|
| 945 |
|
|
|a Project MUSE - Custom Collection
|
| 945 |
|
|
|a Project MUSE - 2014 Philosophy and Religion
|
| 945 |
|
|
|a Project MUSE - 2014 Complete
|